Sports Quiz

Random Sports Quiz

Longest Lasting Royal Rumble Participants 1988-1999 Quiz Stats

 Plays Quiz not verified by Sporcle

Score 0/51 Timer 10:00
0 Plays Today
Time Answer % Correct
60:02Ric Flair
94.1%
51:32The Rock
92.2%
56:38Stone Cold Steve Austin
90.2%
45:07Stone Cold Steve Austin
90.2%
25:42Bret Hart
88.2%
20:33Bret Hart
86.3%
21:42Bret Hart
86.3%
19:55Hulk Hogan
84.3%
38:41Shawn Michaels
84.3%
29:17Shawn Michaels
84.3%
20:43Owen Hart
84.3%
48:01Triple H
82.4%
44:47Ted DiBiase
82.4%
26:09Shawn Michaels
82.4%
38:41Bristish Bulldog
82.4%
36:43Bristish Bulldog
82.4%
23:33Bristish Bulldog
82.4%
24:55Ted DiBiase
82.4%
22:26Randy Savage
82.4%
56:38Mr.McMahon
80.4%
61:10Bob Backlund
76.5%
52:17Rick Martel
76.5%
34:06Roddy Piper
74.5%
20:46Jim Duggan
72.5%
21:58Lex Luger
72.5%
19:55Honky Tonk Man
70.6%
Time Answer % Correct
44:03Greg Valentine
70.6%
20:39Greg Valentine
70.6%
21:52Jake Roberts
68.6%
25:03Crush
66.7%
30:23Tito Santana
64.7%
30:12Bam Bam Bigelow
62.7%
36:02Jerry Lawler
60.8%
27:01IRS
60.8%
22:31Haku
60.8%
35:45Blackjack Bradshaw
58.8%
22:46Mo
58.8%
32:21D`Lo Brown
56.9%
26:04Goldust
54.9%
39:35Hardcore Holly
52.9%
37:36Hercules
51%
27:58Mr.Perfect
51%
25:19Chainsaw Charlie
51%
24:42Earthquake
51%
24:17Texas Tornado
49%
30:438-Ball
43.1%
26:23Shane Douglas
43.1%
28:48Phineas I Godwinn
41.2%
28:08Thrasher
39.2%
21:50Jerry Sags
35.3%
21:33Sparky Plugs
2%

You're not logged in!

Compare scores with friends on all Sporcle quizzes.
OR
Log In

Sporcle TV

Today on Sporcle TV


Watch our educational content, quiz creation guides, and fun videos on Sporcle TV.

Show Comments

Extras

Top Quizzes Today


Score Distribution

Your Account Isn't Verified!

In order to create a playlist on Sporcle, you need to verify the email address you used during registration. Go to your Sporcle Settings to finish the process.

Report this User

Report this user for behavior that violates our Community Guidelines.

Details: